|
|
|
|
| LEADER |
02214nam a2200565 i 4500 |
| 001 |
nkc20193097975 |
| 003 |
CZ PrNK |
| 005 |
20220509083404.0 |
| 007 |
ta |
| 008 |
190515s2019 xr d 000 f cze |
| 015 |
|
|
|a cnb003097975
|
| 020 |
|
|
|a 978-80-253-4821-5
|q (soubor 1-4) :
|c Kč 1190,00
|
| 020 |
|
|
|a 978-80-253-4174-2
|q (brožováno) :
|c Kč 349,00
|
| 035 |
|
|
|a (OCoLC)1111947291
|
| 040 |
|
|
|a ABG001
|b cze
|d ABA001
|e rda
|
| 041 |
1 |
|
|a cze
|h eng
|
| 072 |
|
7 |
|a 821.111-3
|x Anglická próza, anglicky psaná
|2 Konspekt
|9 25
|
| 072 |
|
7 |
|a 821-93
|x Literatura pro děti a mládež (beletrie)
|2 Konspekt
|9 26
|
| 080 |
|
|
|a 821.111(410.5)-31
|2 MRF
|
| 080 |
|
|
|a 821-93
|2 MRF
|
| 080 |
|
|
|a (0:82-312.5)
|2 MRF
|
| 100 |
1 |
|
|a Maskame, Estelle,
|d 1997-
|7 xx0214016
|4 aut
|
| 240 |
1 |
0 |
|a Just don't mention it.
|l Česky
|
| 245 |
1 |
0 |
|a Vím, že tě chci /
|c Estelle Maskame ; z anglického originálu Just don't mention it ... přeložila Pavla Kubešová
|
| 246 |
1 |
|
|i Na obálce nad názvem:
|a DIMILY - Tylerův příběh
|
| 250 |
|
|
|a 1. vydání
|
| 264 |
|
1 |
|a V Praze :
|b Fragment,
|c 2019
|
| 300 |
|
|
|a 431 stran ;
|c 21 cm
|
| 336 |
|
|
|a text
|b txt
|2 rdacontent
|
| 337 |
|
|
|a bez média
|b n
|2 rdamedia
|
| 338 |
|
|
|a svazek
|b nc
|2 rdacarrier
|
| 500 |
|
|
|a Dotisk roku 2020
|
| 500 |
|
|
|a Část nákladu distribuována v roce 2020 jako čtyřsvazkový soubor ve společném kartonovém pouzdru se souborným názvem: DIMILY kompletní vydání 3+1; ISBN souboru pouze na krabici
|
| 521 |
8 |
|
|a Pro čtenáře od 15 let
|
| 655 |
|
7 |
|a skotské romány (anglicky)
|7 fd133439
|2 czenas
|
| 655 |
|
7 |
|a milostné romány
|7 fd132840
|2 czenas
|
| 655 |
|
7 |
|a publikace pro mládež
|7 fd133157
|2 czenas
|
| 655 |
|
9 |
|a Scottish fiction (English)
|2 eczenas
|
| 655 |
|
9 |
|a love novels
|2 eczenas
|
| 655 |
|
9 |
|a juvenile literature
|2 eczenas
|
| 700 |
1 |
|
|a Kubešová, Pavla,
|d 1969-
|7 xx0039531
|4 trl
|
| 740 |
0 |
2 |
|a DIMILY box 3+1
|
| 787 |
0 |
8 |
|i Z cyklu:
|t DIMILY
|g 4
|
| 910 |
2 |
|
|a BOA001
|b 2-1429.592
|
| 920 |
|
|
|a 4478699
|z ABG001
|
| 928 |
9 |
|
|a Albatros Media - Fragment
|
| 990 |
|
|
|a BK
|
| 995 |
|
|
|a 01
|
| 991 |
|
|
|b 201906
|c NOV
|
| 996 |
6 |
|
|b 2610785209
|c 2-1429.592
|l MZK
|r Sklad / do 1 hodiny
|n 0
|p p.v.
|w 001727608
|u 000010
|a 1
|e BOA001
|j MZK50
|s P
|